000 00606nam a2200229Ia 4500
003 OSt
005 20220928145004.0
006 a|||||r|||| 00| 0
007 ta
008 220927b |||||||| |||| 00| 0 eng d
024 _a77922
037 _cTextual
040 _aSDCL
_cSDCL
_beng
041 _2eng
_aeng
082 _aX:31.2'N7, L0
100 _aChavan B W
_9511020
245 0 _aNational income in India
_b Concepts and methods.
260 _c1970
700 _a Chavan Anita
_9511021
942 _hX:31.2'N7, L0
_cTEXL
_2CC
999 _c831236
_d831236